| 000 | 007190000a22002290004500 | ||
|---|---|---|---|
| 003 | LK-CoMWRAF | ||
| 005 | 20231027135704.0 | ||
| 008 | 230817t2000 ||||| |||| 00| 0 eng d | ||
| 020 | _a8170368960 | ||
| 040 |
_aLK-CoMWRAF _dLK-CoMWRAF _eLK-CoMWRAF |
||
| 041 | _aeng | ||
| 082 |
_a372.18 _bGEN |
||
| 245 |
_aThe Gender Gap In Basic Education: _bNGOs as change agents |
||
| 260 |
_aNew Delhi: _bSage Publications, _c2000 |
||
| 300 |
_a286p. ; 22cm. _bIndex included |
||
| 650 | _aWOMEN-Education(Elementary)-India | ||
| 650 | _aBasic education -- India | ||
| 650 | _aEducational equalization -- India | ||
| 650 | _aNon-governmental organizations -- India -- Influence; | ||
| 700 |
_aWazir, Rekha _eed. |
||
| 942 | _cBK | ||
| 999 |
_c334 _d334 |
||